000 00579nam a2200205Ia 4500
003 GCL
008 140319s9999 xx 000 0 eng d
040 _aGCL /
_cGCL
082 0 4 _a962.03
_bA E
100 1 _aANDERSON, ROBERT
245 1 0 _aEGYPT REVEALED SCENES FROM NAPOLEON'S DESCRIPTION DE L'EGYPTE /
_cANDERSON, ROBERT
700 1 _aFOWZY, IBROHIM
260 _a[S.N] :
_bTHE AMERICAN UNIVERSITY IN CAIRO PRESS ،
_c1987
300 _a196
650 0 4 _aEGYPT
650 0 4 _aFRENCH EXPEDITION
650 0 4 _aANCIENT EGYPT
650 0 4 _aOTTOMAN EMPIRE
942 _2ddc
_cBK
999 _c13687
_d13687